000 00306nam a22001337a 4500
008 170815b xxu||||| |||| 00| 0 eng d
020 _a0669022705
041 _aeng
080 _22ND
_a51
100 _a36
101 _aSTA
245 _aUNDERSTANDING AND USING STATISTICS
_cSCHMIDT,M,J
942 _2udc
_cBK
999 _c23607
_d23607